Loading...
| Science - Physics | 0 | 8 | 0 | 1 | 80 | 31 | 60.00 | 1 | 3 | 32.12 | 50.18 |
| Science - Chemistry | 0 | 5 | 0 | 0 | 50 | 37 | 54.60 | 1 | 3 | 19.77 | 37.88 |
| Science - Biology | 0 | 5 | 0 | 0 | 50 | 26 | 55.00 | 0 | 3 | 21.61 | 35.10 |
| Literature - British | 0 | 4 | 0 | 1 | 40 | 60 | 91.50 | 0 | 0 | 6.63 | 13.38 |
| Science - Other | 0 | 4 | 0 | 1 | 40 | 72 | 89.00 | 0 | 1 | 10.38 | 20.20 |
| Fine Arts - Classical Music | 0 | 3 | 0 | 1 | 30 | 92 | 108.67 | 0 | 1 | 1.49 | 8.59 |
| Literature - World | 0 | 4 | 2 | 0 | 30 | 61 | 93.75 | 0 | 1 | 6.82 | 20.45 |
| Literature - European | 0 | 3 | 1 | 0 | 25 | 92 | 100.67 | 0 | 0 | 3.02 | 8.10 |
| Philosophy | 0 | 3 | 1 | 1 | 25 | 79 | 94.33 | 0 | 0 | 4.07 | 16.00 |
| History - Other | 0 | 2 | 0 | 0 | 20 | 66 | 70.00 | 0 | 0 | 6.18 | 10.61 |
| Literature - American | 0 | 2 | 1 | 0 | 15 | 127 | 127.50 | 0 | 1 | 0.00 | 6.06 |
| History - European | 0 | 1 | 0 | 0 | 10 | 37 | 37.00 | 0 | 1 | 5.95 | 6.82 |
| Geography | 0 | 1 | 0 | 0 | 10 | 27 | 27.00 | 0 | 1 | 11.04 | 12.70 |
| Social Science | 0 | 1 | 0 | 0 | 10 | 41 | 41.00 | 0 | 1 | 6.93 | 9.72 |
| Mythology | 0 | 1 | 0 | 0 | 10 | 101 | 101.00 | 0 | 0 | 0.97 | 4.55 |
| Popular Culture | 0 | 1 | 0 | 0 | 10 | 98 | 98.00 | 0 | 0 | 3.80 | 6.67 |
| Fine Arts - Other | 0 | 1 | 1 | 1 | 5 | 114 | 114.00 | 0 | 0 | 0.00 | 1.01 |
| Religion | 0 | 0 | 1 | 0 | -5 | 0.00 | 0 | 0 | 0.00 | 0.00 | |
| History - World | 0 | 0 | 1 | 0 | -5 | 0.00 | 0 | 0 | 0.00 | 0.00 |